Регионална библиотека "Любен Каравелов" - Русе

Искусство Казахской ССР (Запис номер 375550)

MARC детайли
000 -Лидер
Контролно поле с фиксирана дължина nam a22 a 4500
003 - Код на организацията, давaща контролен номер
Контролно поле BLK
005 - Дата и час на последна редакция
Контролно поле 20201007040859.0
008 - Елементи от данни с фиксирана дължина
fixed length control field 200717b bu ||||| |||| 00| 0 bu d
040 ## - Източник на каталожния запис
Идентификатор на билиотеката - собственик на записа BLK
041 ## - Код за език
Код за езика на текст/звукозапис или на отделно заглавие Руски
Код за езика КДБФ Руски
080 ## - УДК
Текстов определител УДК Изобразителни изкуства и художествени занаяти
УДК код - определител по УДК 73/76
УДК - код + определител 73/76(47+57)
100 ## - Редна дума - Автор
Автор Сарыкулова, Г. А.
Авторска отговорност първи автор
R(LIN) 1299
139 ## - Редно поле
Редна дума Сарыкулова, Г. А.
245 ## - Сведения за заглавието
Заглавие Искусство Казахской ССР
Подзаглавни данни [Альбом]
Редно поле (дума) Авт. вступ. статьи и сост. Г. А. Сарыкулова.
257 ## - Страна на издаване
Страна на създаване/издаване СССР
260 ## - Област на издателските данни
9 (RLIN) 210594
Място на издаване, разпространение и проч. Ленинград
Име на издателя, разпространителя и проч. Аврора
Година на издаване 1972
Издателство - префикс ISBN 5-7300-
300 ## - Физическа характеристика
Страници 35 с., 61 л. ил.
Размери/Мащаб 18 см
380 ## - Жанр
Жанр Изкуство
501 ## - Забележка „подвързано към”
Забележка: Подвързано към... Авантитул: Пятьдесят лет СССР.
650 #7 - Допълнително описание по предмет – тема
9 (RLIN) 156565
Основно описание – тема или топоним Изобразително изкуство - СССР
651 #7 - Допълнително описание по предмет - топоним
9 (RLIN) 178982
Географско понятие Казахстан
653 #7 - Ключова дума – ненормативна
9 (RLIN) 186627
Ключова дума живопис
653 #7 - Ключова дума – ненормативна
9 (RLIN) 184378
Ключова дума графика
653 #7 - Ключова дума – ненормативна
9 (RLIN) 196727
Ключова дума скулптура
852 ## - Местоположение
Форматна сигнатура Цб І 38917
Фондова буква Хранилище
999 ## - СИСТЕМНИ КОНТРОЛНИ НОМЕРА
Koha biblionumber 375550
Koha biblioitemnumber 375550
942 ## - АРТИКУЛИ
Вид на библиотечния материал Графични издания
Скрит в OPAC Не
Периодичен библиозапис Да
944 ## - СЪЗДАВАНЕ И РЕДАКЦИЯ на ЗАПИСА
Създаване/Редакция Създаване
Дата на регистрацията/редакция 2020-07-17
Служител, извършил регистрацията/редакцията Кети
Наличности
Код за отписване Код за изгубен артикул Източник на класификационната схема Код за повреда Коз за рестрикции Код за отдаване Артикулен № Име на библиотеката - собственик Име на библиотеката, в която се намира в момента Статус (Текущо местоположение) Дата на вписване в системата Местоположение - отдел Цена в лева Инвентарен номер Систематично азбучна сигнатура Баркод Цена в евро Служебен тип на артикула
  Не е изгубен Universal Decimal Classification Не е повреден без рестрикции ползва се в читалня 785430 Регионална библиотека "Любен Каравелов" Русе Регионална библиотека "Любен Каравелов" Русе Хранилище 2020-07-22 Хранилище 1.68 132694 Цб І 38917 120000132694 0.86 Графични издания
Vip Innovations Ltd, Rousse, Bulgaria 2025